00332nam a2200145Ia 4500003000400000005001700004008004100021040000700062082001700069100001400086245003200100260002500132300001600157365001300173OSt20230612141833.0210423s2003 xx 000 0 und d cAL a658 RAVH223 aRAVI (N). aHindu speaks on management. aChennaibHinduc2003 axix,356bPB b100cINR